| 000 | 00710nam a2200205 a 4500 | ||
|---|---|---|---|
| 001 | 000021660 | ||
| 005 | 20200930011412.0 | ||
| 008 | 100909s1994 ck ac 000 e spa d | ||
| 040 |
_aDO-SdBNP _bspa _cBNPHU |
||
| 082 |
_aCo864.62 _bP127b |
||
| 100 | 1 |
_aPáez Escobar, Gustavo, _d1936- _945064 |
|
| 245 | 1 | 0 |
_aBiografía de una angustia / _cGustavo Páez Escobar. |
| 260 |
_aSantafé de Bogotá : _bInstituto Caro y Cuervo, _c1994. |
||
| 300 |
_a273 p. : _bil., retrs ; _c20 cm. |
||
| 490 | 1 |
_aLa granada entreabierta _v71 |
|
| 504 | _aIncluye referencias bibliográficas: (p. [263]-265) | ||
| 650 | 4 |
_aEnsayos colombianos _914811 |
|
| 650 | 4 |
_aCartas colombianas _941269 |
|
| 650 | 4 |
_aLiteratura colombiana _91244 |
|
| 999 |
_c21159 _d21159 |
||